00000000nam 2200000zi 4500
0019.919238
003CaOODSP
00520230921135129
006m     o  d f      
007cr |||||||||||
008230118t20232023oncd    o    f00| 0 eng d
020 |a9780660471440
040 |aCaOODSP|beng|erda|cCaOODSP
043 |an-cn---
0861 |aCR22-124/2023E-PDF
24500|aAdvisory Committee to Address Anti-Black Racism in Research and Research Training : |bfinal report and recommendations.
264 1|a[Ottawa] : |bSocial Sciences and Humanities Research Council of Canada = Conseil de recherches en sciences humaines du Canada, |c2023.
264 4|c©2023
300 |a1 online resource (26 pages) : |bcharts
336 |atext|btxt|2rdacontent
337 |acomputer|bc|2rdamedia
338 |aonline resource|bcr|2rdacarrier
500 |aIssued also in French under title: Comité consultatif de lutte contre le racisme à l'endroit des personnes noires dans les programmes de recherche et de formation en recherche : rapport final et recommandations.
61020|aSocial Sciences and Humanities Research Council of Canada|xManagement.
650 0|aRacism against Black people|xResearch|zCanada.
7102 |aSocial Sciences and Humanities Research Council of Canada, |eissuing body.
77508|tComité consultatif de lutte contre le racisme à l'endroit des personnes noires dans les programmes de recherche et de formation en recherche : |w(CaOODSP)9.919239
85640|qPDF|s888 KB|uhttps://publications.gc.ca/collections/collection_2023/crsh-sshrc/CR22-124-2023-eng.pdf
8564 |qHTML|sN/A|uhttps://www.sshrc-crsh.gc.ca/about-au_sujet/governance-gouvernance/committees-comites/racism-racisme/reports-rapports/2023/abr_report-rapport_rpn-eng.aspx